Fisiología humana / (Record no. 141176)
[ view plain ]
| 000 -LEADER | |
|---|---|
| campo de control de longitud fija | 00817nam a2200229 i 4500 |
| 001 - NÚMERO DE CONTROL | |
| campo de control | 141176 |
| 003 - IDENTIFICADOR DE NÚMERO DE CONTROL | |
| campo de control | ES-MaACL |
| 005 - FECHA Y HORA DE LA ÚLTIMA TRANSACCIÓN | |
| campo de control | 20230906200235.0 |
| 007 - CAMPO FIJO DE DESCRIPCIÓN FÍSICA--INFORMACIÓN GENERAL | |
| campo de control de longitud fija | t| |
| 008 - DATOS DE LONGITUD FIJA--INFORMACIÓN GENERAL | |
| campo de control de longitud fija | 070919s1970 sp ||||1| spa d |
| 100 1# - ENTRADA PRINCIPAL--NOMBRE DE PERSONA | |
| Nombre de persona | Winton, F. R. |
| 9 (RLIN) | 117123 |
| 245 10 - MENCIÓN DEL TÍTULO | |
| Título | Fisiología humana / |
| Mención de responsabilidad, etc. | Winton & Bayliss ; revisado y dirigido por O. C. J. Lippold... y F. R. Winton... ; versión española por los doctores Fernando Perán Torres y Carlos Osorio Pelèz. |
| 250 ## - MENCION DE EDICION | |
| Mención de edición | 1ª ed. |
| 260 ## - PUBLICACIÓN, DISTRIBUCIÓN, ETC. | |
| Lugar de publicación, distribución, etc. | Barcelona : |
| Nombre del editor, distribuidor, etc. | JIMS, |
| Fecha de publicación, distribución, etc. | 1970. |
| 300 ## - DESCRIPCIÓN FÍSICA | |
| Extensión | XXXVIII, 797 p. : |
| Otras características físicas | il. ; |
| Dimensiones | 25 cm. |
| 650 #4 - PUNTO DE ACCESO ADICIONAL DE MATERIA--TÉRMINO DE MATERIA | |
| Término de materia o nombre geográfico como elemento de entrada | Fisiología humana. |
| 9 (RLIN) | 12890 |
| 700 1# - ENTRADA AGREGADA--NOMBRE PERSONAL | |
| Nombre de persona | Bayliss, L. E. |
| 9 (RLIN) | 26677 |
| 700 1# - ENTRADA AGREGADA--NOMBRE PERSONAL | |
| Nombre de persona | Lippold, O. C. J. |
| 9 (RLIN) | 72506 |
| 700 1# - ENTRADA AGREGADA--NOMBRE PERSONAL | |
| Nombre de persona | Osorio Peláez, Carlos. |
| 9 (RLIN) | 87775 |
| 700 0# - ENTRADA AGREGADA--NOMBRE PERSONAL | |
| Nombre de persona | Perán Torres, Fernando. |
| 9 (RLIN) | 90396 |
| 852 ## - LOCALIZACIÓN | |
| Ubicación | ES-MaACL |
| Número de control de estantería | C-37361 |
| Sublocalización o colección | R.75162 |
| Estatus retirado | Estado de pérdida | Estado de daño | No para préstamo | Biblioteca de origen | Biblioteca actual | Ubicación en estantería | Fecha de adquisición | Fuente de adquisición | Total de préstamos | Signatura topográfica completa | Código de barras | Visto por última vez | Precio de reemplazo | Tipo de ítem Koha |
|---|---|---|---|---|---|---|---|---|---|---|---|---|---|---|
| Biblioteca del Ateneo de Madrid | Biblioteca del Ateneo de Madrid | Depósito 2 | 17/01/2008 | C-37361 | 1146898 | 23/02/2023 | 23/02/2023 | Libro impreso |
